V znamení rovnováhy k sedemdesiatinám profesora Jána Sabola

Bibliographic Details
Main Author: Sedláková, Marianna, 1959- (Author)
Format: Article
Language:Slovak
ISSN:0021-5597
Subjects:

MARC

LEADER 00000nab a2200000 a 4500
001 vtls009962692
003 SK-MaSNL
005 20260303045856.0
008 140623c2009 xo |r|||||||||000 b|slo
015 |a SNBRB2009/10  |2 snkbucl 
038 |a SNKBUCL 
040 |a SNKBUCL  |b slo  |c SNKBUCL  |e AACR2 
041 0 |a slo 
044 |a xo  |c SK 
080 |a 81-051  |2 2001 
080 |a 811.162.4-051  |2 2001 
080 |a 929 Sabol, Ján  |2 2001 
100 1 |a Sedláková, Marianna,  |d 1959-  |4 aut  |9 197930 
245 1 0 |a V znamení rovnováhy k sedemdesiatinám profesora Jána Sabola  |c Marianna Sedláková 
600 1 7 |a Sabol, Ján,  |d 1939-  |2 snkbucl  |9 209463 
655 7 |a profily  |2 snkbucl  |9 341977 
773 0 |t Jazykovedný časopis  |g Roč. 60, č. 1 (2009), s. 95-97  |x 0021-5597 
852 |a SNK  |b KIS3GCP 
958 |a SK 
958 |a BX 
999 |c 1705366  |d 1707296